Православный Палестинский сборник. Т. 13, вып. 1 (37): О названиях местностей, встречающихся в священном писании [около 320 года] (Запись № 5183938)

Подробности
000 -МАРКЕР
контрольное поле 02118nam2a22002891 4500
001 - ИДЕНТИФИКАТОР ЗАПИСИ
контрольное поле v19\rc\1231325
005 - ИДЕНТИФИКАТОР ВЕРСИИ
контрольное поле 20260406055715.0
035 ## - ДРУГИЕ СИСТЕМНЫЕ НОМЕРА
Идентификатор записи (NLR Aleph) 005188020
100 ## - ДАННЫЕ ОБЩЕЙ ОБРАБОТКИ
Данные общей обработки 20060306d1894 |||y0rusy50 ca
101 1# - ЯЗЫК РЕСУРСА
Язык текста, звукозаписи и т.д. русский
Язык оригинала греческий (совр.)
102 ## - СТРАНА ПУБЛИКАЦИИ ИЛИ ПРОИЗВОДСТВА
Страна публикации российская федерация
105 ## - ПОЛЕ КОДИРОВАННЫХ ДАННЫХ: ТЕКСТОВЫЕ МАТЕРИАЛЫ, МОНОГРАФИЧЕСКИЕ
Кодированные данные о монографическом текстовом документе b z |||||
200 1# - ЗАГЛАВИЕ И СВЕДЕНИЯ ОБ ОТВЕТСТВЕННОСТИ
Основное заглавие О названиях местностей, встречающихся в священном писании [около 320 года]
Первые сведения об ответственности [соч.] Евсевия Памфилова, епископа Кесарии Палестинской
210 ## - ПУБЛИКАЦИЯ, РАСПРОСТРАНЕНИЕ И ДР.
Дата издания, распространения и т.д. 1894
Место издания, распространения и т.д. Б. м.
215 ## - ФИЗИЧЕСКАЯ ХАРАКТЕРИСТИКА
Специфическое обозначение материала и объем [6], IV, 547 с., 1 л. карт.
Размеры 27
300 ## - ОБЩИЕ ПРИМЕЧАНИЯ
Текст примечания На обл.: "37-й вып."
423 #0 - ИЗДАЕТСЯ В ОДНОЙ ОБЛОЖКЕ ВМЕСТЕ С ...
Встроенное поле 2001#$aО положении и названиях еврейских местностей [около 388 года]$f[соч.] Блаженного Иеронима, пресвитера Стридонского$gперевел и объяснил И. Помяловский
-- 700#0$3RU\NLR\AUTH\779243$7ca$aИероним Блаженный$fок.340-420
Заглавие О положении и названиях еврейских местностей [около 388 года]
Автор Иероним Блаженный (ок.340-420)
461 #0 - УРОВЕНЬ НАБОРА
Встроенное поле 001v19\rc\1231292
-- 2001#$aПравославный Палестинский сборник$fизд. Императ. Православ. Палест. о-ва$vТ. 13, вып. 1 (37)
Системный номер (АБИС) связанной записи 5183708
Место публикации С.-Петербург
Дата публикации 1881-1916
Первые сведения об ответственности изд. Императ. Православ. Палест. о-ва
Имя издателя, распространителя и т.д. Православное Палестинское общество
Заглавие Православный Палестинский сборник
Номер тома Т. 13, вып. 1 (37)
700 #0 - ИМЯ ЛИЦА - ПЕРВИЧНАЯ ОТВЕТСТВЕННОСТЬ
Материалы, к которым относится поле rus
Графика поля Кириллица
Начальный элемент ввода Евсевий Памфил
Дополнения к именам, кроме дат епископ Кесарийский
Даты ок.263-340
Идентификатор авторитетной/нормативной записи RU\NLR\AUTH\7710044
Системный номер авторитетной/нормативной записи 119829
702 #1 - ИМЯ ЛИЦА - ВТОРИЧНАЯ ОТВЕТСТВЕННОСТЬ
Код отношения Переводчик
-- Комментатор печатного текста
Материалы, к которым относится поле rus
Графика поля Кириллица
Начальный элемент ввода Помяловский
Часть имени, кроме начального элемента ввода И. В.
Даты 1845-1906
Расширение инициалов личного имени Иван Васильевич
Идентификатор авторитетной/нормативной записи RU\NLR\AUTH\7753352
Системный номер авторитетной/нормативной записи 36284
801 #0 - ИСТОЧНИК ЗАПИСИ
Страна российская федерация
Организация NLR
Правила каталогизации psbo
801 #1 - ИСТОЧНИК ЗАПИСИ
Страна российская федерация
Организация ProSoft-M
Источник данных rusmarc
801 #2 - ИСТОЧНИК ЗАПИСИ
Страна российская федерация
Организация NLR
Дата составления 20060320
Источник данных rusmarc
852 ## - МЕСТОНАХОЖДЕНИЕ И ШИФР ХРАНЕНИЯ
Идентификатор организации NLR
Шифр хранения (Call Number) 18.311.1.9
942 ## - ДОПОЛНИТЕЛЬНЫЕ ЭЛЕМЕНТЫ ЗАПИСИ (АБИС)
Тип экземпляра АБИС Книга
980 ## - КОЛЛЕКЦИЯ
Название коллекции Национальная библиография

Нет доступных экземпляров.